The economic theory of auctions (Record no. 306588)

MARC details
000 -LEADER
fixed length control field 00634nam a2200205Ia 4500
008 - FIXED-LENGTH DATA ELEMENTS--GENERAL INFORMATION
fixed length control field 191130s2000##################000#0#eng##
020 ## - INTERNATIONAL STANDARD BOOK NUMBER
ISBN 9781858988702
082 ## - DEWEY DECIMAL CLASSIFICATION NUMBER
Classification number 381.1721 KLE
245 ## - TITLE STATEMENT
Title The economic theory of auctions
Statement of responsibility, etc edited by Paul Klemperer
250 ## - EDITION STATEMENT
Edition statement 1st ed
260 ## - PUBLICATION, DISTRIBUTION, ETC. (IMPRINT)
Place of publication Aldershot, Hants, England ; Brookfield, Vt., USA
Name of publisher E. Elgar Pub
Year of publication 2000
300 ## - PHYSICAL DESCRIPTION
Number of Pages x, 679 p. : ill. ; 25 cm.
500 ## - GENERAL NOTE
General note Includes bibliographical references and indexes
650 ## - SUBJECT ADDED ENTRY--TOPICAL TERM
Topical Term Auctions
700 ## - ADDED ENTRY--PERSONAL NAME
Personal name Klemperer, Paul
991 ## -
-- 338205
Holdings
Withdrawn status Lost status Damaged status Not for loan Home library Current library Shelving location Date acquired Full call number Accession Number Price effective from Koha item type
        Anna Centenary Library Anna Centenary Library 4TH FLOOR, B WING 15.10.2020 381.1721 KLE 359804 15.10.2020 English Books

Find us on the map